| 000 | 00000nam 2200000zi 4500 |
| 001 | 9.933088 |
| 003 | CaOODSP |
| 005 | 20240216094250 |
| 006 | m o d f |
| 007 | cr |n||||||||| |
| 008 | 240129e197207uuabc ob f000 0 eng d |
| 040 | |aCaOODSP|beng|erda|cCaOODSP |
| 043 | |an-cn-ab |
| 086 | 1 |aDR52-6/26-1972E-PDF |
| 100 | 1 |aGray, A. H., |eauthor. |
| 245 | 12|aA study of the stability of mustard stored since World War II (c) / |cby A.H. Gray and R.V. Jardine. |
| 264 | 1|aRalston, Alberta : |bDefence Research Establishment Suffield, |cJuly 1972 |
| 300 | |a1 online resource (7, [2] pages) |
| 336 | |atext|btxt|2rdacontent |
| 337 | |acomputer|bc|2rdamedia |
| 338 | |aonline resource|bcr|2rdacarrier |
| 490 | 1 |aSuffield memorandum ; |vno. 59/70 |
| 500 | |a"Project no. 20-20-32, Confidential, Group II, No Automatic Downgrading"--title page. |
| 500 | |aDigitized edition from print [produced by Defence Research and Development Canada]. |
| 504 | |aIncludes bibliographical references (page 7). |
| 520 | 3 |a"Samples of mustard from Vat No. 10 at DRES were distilled and the fractions analyzed by various means. On a water and carbon tetrachloride-free basis it was found that the material from the vat was about 70% pure."--abstract. |
| 650 | 0|aMustard gas|xBiodegradation|xAnalysis. |
| 650 | 0|aChemical weapons disposal. |
| 650 | 6|aGaz moutarde|xBiodégradation|xAnalyse. |
| 650 | 6|aArmes chimiques|xÉlimination. |
| 655 | 7|aTechnical reports|2lcgft |
| 655 | 7|aRapports techniques|2rvmgf |
| 710 | 2 |aDefence Research Establishment Suffield, |eissuing body. |
| 830 | #0|aSuffield memorandum ;|vno. 59/70.|w(CaOODSP)9.926310 |
| 856 | 40|qPDF|s785 KB|uhttps://publications.gc.ca/collections/collection_2024/rddc-drdc/DR52-6-26-1972-eng.pdf |
| 986 | |aM-59/70 |